[Event "GBR-ch90"]
[Site "Edinburgh"]
[Date "2003.07.30"]
[Round "9.26"]
[White "Anderton, Matthew N"]
[Black "Ramaswamy, Aarthie"]
[Result "1/2-1/2"]
[WhiteElo "2237"]
[BlackElo "2316"]
[PlyCount "95"]
[EventDate "2003.07.21"]
[EventType "swiss"]
[EventRounds "11"]
[EventCountry "GBR"]
[SourceTitle "BritBase"]
[Source "John Saunders"]
[SourceDate "2008.07.14"]
[SourceVersion "1"]
[SourceVersionDate "2008.07.14"]
[SourceQuality "2"]

1. e4 c5 2. c3 d5 3. exd5 Qxd5 4. d4 g6 5. Nf3 Bg7 6. Na3 cxd4 7. Bc4 Qe4+ 8.
Be3 Nh6 9. cxd4 O-O 10. O-O Bg4 11. Ng5 Bxd1 12. Nxe4 Bg4 13. f3 Bc8 14. g4 Nc6
15. Rad1 b6 16. Nc2 Bb7 17. b4 Kh8 18. h3 Rad8 19. Bb3 e6 20. Bg5 f6 21. Be3
Rfe8 22. Bxe6 Rxe6 23. d5 Ree8 24. dxc6 Rxd1 25. Rxd1 Bxc6 26. Kf2 Nf7 27. Nd6
Nxd6 28. Rxd6 Ba4 29. Nd4 Kg8 30. Ne6 Bf8 31. Nxf8 Kxf8 32. Rxf6+ Ke7 33. Rf4
Rc8 34. Re4+ Kf7 35. Bg5 Re8 36. Ke3 Rxe4+ 37. fxe4 Ke6 38. Kd4 Bd1 39. Bf4 h5
40. gxh5 gxh5 41. b5 Be2 42. Bb8 a5 43. bxa6 Bxa6 44. a4 Be2 45. Kc3 Bf3 46.
Kb4 Bxe4 47. Kb5 h4 48. Kxb6 1/2-1/2

[Event "GBR-ch90"]
[Site "Edinburgh"]
[Date "2003.07.30"]
[Round "9.27"]
[White "Eggleston, David"]
[Black "Greet, Andrew"]
[Result "0-1"]
[WhiteElo "2094"]
[BlackElo "2297"]
[PlyCount "124"]
[EventDate "2003.07.21"]
[EventType "swiss"]
[EventRounds "11"]
[EventCountry "GBR"]
[SourceTitle "BritBase"]
[Source "John Saunders"]
[SourceDate "2008.07.14"]
[SourceVersion "1"]
[SourceVersionDate "2008.07.14"]
[SourceQuality "2"]

1. e4 e6 2. d4 d5 3. Nc3 Bb4 4. e5 c5 5. Qg4 Ne7 6. Nf3 Nbc6 7. Bb5 O-O 8. O-O
cxd4 9. Ne2 Ng6 10. Bd3 Ncxe5 11. Nxe5 Nxe5 12. Bxh7+ Kxh7 13. Qh5+ Kg8 14.
Qxe5 Bd6 15. Qh5 g6 16. Qh6 Be5 17. Bg5 Qb6 18. Qh4 Bd7 19. Nf4 Bg7 20. Bf6
Bxf6 21. Qxf6 Qd8 22. Qxd4 Qg5 23. Rfe1 Rfc8 24. Nh3 Qh6 25. c3 Rc4 26. Qf6 Qg7
27. Qe7 Bc6 28. Ng5 Re8 29. Qd6 d4 30. Ne4 dxc3 31. Nxc3 Rg4 32. g3 Rd4 33. Qe5
Rd2 34. Qxg7+ Kxg7 35. b4 Red8 36. b5 Bf3 37. Re3 Bg4 38. a4 Bh3 39. Rae1 Rc2
40. Ne2 g5 41. f4 gxf4 42. Nxf4 Bf5 43. g4 Bg6 44. Rxe6 Rdd2 45. R6e2 Rxe2 46.
Rxe2 Rc4 47. Nxg6 Rxg4+ 48. Rg2 Rxg6 49. Rxg6+ fxg6 {(=)} 50. Kf2 Kf6 51. Kf3
Kf5 52. Kg3 b6 53. h4 Ke5 54. Kg4 Ke6 55. Kg5 Kf7 56. Kh6 Kf6 57. Kh7 g5 58. h5
g4 59. a5 g3 60. axb6 g2 61. bxa7 g1=Q 62. h6 Qg6+ 0-1

[Event "GBR-ch90"]
[Site "Edinburgh"]
[Date "2003.07.30"]
[Round "9.28"]
[White "Ashton, Adam"]
[Black "McNab, Colin Anderson"]
[Result "0-1"]
[WhiteElo "2234"]
[BlackElo "2395"]
[PlyCount "92"]
[EventDate "2003.07.21"]
[EventType "swiss"]
[EventRounds "11"]
[EventCountry "GBR"]
[SourceTitle "BritBase"]
[Source "John Saunders"]
[SourceDate "2008.07.14"]
[SourceVersion "1"]
[SourceVersionDate "2008.07.14"]
[SourceQuality "2"]

1. e4 g6 2. d4 d6 3. Nc3 Bg7 4. Nf3 Nf6 5. Be3 c6 6. Qd2 Qa5 7. Bd3 Bg4 8. e5
dxe5 9. Nxe5 Nbd7 10. f4 Be6 11. O-O Qc7 12. Rae1 O-O-O 13. Qe2 Rhf8 14. a4 Qa5
15. Rb1 Qb4 16. a5 Nb8 17. Ra1 Bf5 18. Ra4 Bxd3 19. Qxd3 Qd6 20. Qc4 Qe6 21.
Qc5 Nd5 22. Nxd5 Rxd5 23. Qxa7 Rb5 24. c4 Rxb2 25. d5 Qf5 26. dxc6 bxc6 27.
Raa1 Rd8 28. Rf2 Rxf2 29. Bxf2 Qc2 30. Re1 Rd1 31. Qe3 Rxe1+ 32. Qxe1 Bxe5 33.
fxe5 Qxc4 34. h3 Qb5 35. e6 f6 36. Bg3 Na6 37. Qd2 Qd5 38. Qe2 Qxa5 39. Qe4
Qc5+ 40. Kh2 Nc7 41. Qf4 Nxe6 42. Qh6 Nd4 43. Qf4 Nb5 44. Qh6 Nc3 45. Qf4 Nd5
46. Qh6 Qc2 0-1

[Event "GBR-ch90"]
[Site "Edinburgh"]
[Date "2003.07.30"]
[Round "9.29"]
[White "Williams, Simon K"]
[Black "Karavade, Eesha"]
[Result "1-0"]
[WhiteElo "2381"]
[BlackElo "2218"]
[PlyCount "57"]
[EventDate "2003.07.21"]
[EventType "swiss"]
[EventRounds "11"]
[EventCountry "GBR"]
[SourceTitle "BritBase"]
[Source "John Saunders"]
[SourceDate "2008.07.14"]
[SourceVersion "1"]
[SourceVersionDate "2008.07.14"]
[SourceQuality "2"]

1. d4 Nf6 2. c4 g6 3. Nc3 d5 4. cxd5 Nxd5 5. e4 Nxc3 6. bxc3 c5 7. Bc4 Bg7 8.
Ne2 Nc6 9. Be3 O-O 10. O-O Qc7 11. Rc1 Rd8 12. f4 Na5 13. Bd3 Bg4 14. h3 Bd7
15. f5 Bc6 16. Qe1 b5 17. Qf2 Nc4 18. Bxc4 bxc4 19. d5 Bb7 20. fxg6 fxg6 21.
Bxc5 Rf8 22. Qe3 Bh6 23. Qxh6 Qxc5+ 24. Nd4 e5 25. dxe6 Bxe4 26. Rf7 Rxf7 27.
exf7+ Kh8 28. Rf1 Bf5 29. Rxf5 1-0

[Event "GBR-ch90"]
[Site "Edinburgh"]
[Date "2003.07.30"]
[Round "9.30"]
[White "Addison, Bret C"]
[Black "Lee, Graham D"]
[Result "1/2-1/2"]
[WhiteElo "2251"]
[BlackElo "2360"]
[PlyCount "108"]
[EventDate "2003.07.21"]
[EventType "swiss"]
[EventRounds "11"]
[EventCountry "GBR"]
[SourceTitle "BritBase"]
[Source "John Saunders"]
[SourceDate "2008.07.14"]
[SourceVersion "1"]
[SourceVersionDate "2008.07.14"]
[SourceQuality "2"]

1. d4 Nf6 2. c4 c5 3. d5 e5 4. Nc3 d6 5. e4 Be7 6. a3 O-O 7. g3 a6 8. b4 Nbd7
9. Be3 Qc7 10. Rc1 b6 11. Bd3 Ne8 12. Nge2 g6 13. g4 Qd8 14. Qd2 Bh4 15. h3 Ng7
16. Bh6 Kh8 17. Rg1 Nf6 18. bxc5 bxc5 19. Bg5 Bxg5 20. Qxg5 Rb8 21. Rb1 Rxb1+
22. Bxb1 Bd7 23. Bc2 Qe7 24. Kd2 Rb8 25. Rb1 Rxb1 26. Bxb1 Nxd5 27. Qxe7 Nxe7
28. Nd5 Nxd5 29. cxd5 h5 30. f3 Kh7 31. Bd3 Bc8 32. Nc3 Kh6 33. Na4 Kg5 34. Nb6
Bb7 35. Nc4 Ne8 36. Bc2 a5 37. Ba4 Ba6 38. Nxe5 dxe5 39. Bxe8 h4 40. d6 Kf6 41.
g5+ Ke6 42. d7 Ke7 43. Bxf7 Bf1 44. Be6 Bb5 45. Kc3 a4 46. Bg4 Kd8 47. Kd2 Bxd7
48. Bxd7 Kxd7 49. Kc3 Kc7 50. Kc4 Kc6 51. Kc3 Kb5 52. Kd3 c4+ 53. Kc2 Kc6 54.
Kd2 Kc5 1/2-1/2

[Event "GBR-ch90"]
[Site "Edinburgh"]
[Date "2003.07.30"]
[Round "9.31"]
[White "Nixon, Thomas"]
[Black "Mohota, Nisha"]
[Result "0-1"]
[WhiteElo "2226"]
[BlackElo "2321"]
[PlyCount "100"]
[EventDate "2003.07.21"]
[EventType "swiss"]
[EventRounds "11"]
[EventCountry "GBR"]
[SourceTitle "BritBase"]
[Source "John Saunders"]
[SourceDate "2008.07.14"]
[SourceVersion "1"]
[SourceVersionDate "2008.07.14"]
[SourceQuality "2"]

1. d4 d5 2. Nf3 Nf6 3. c4 e6 4. Nc3 Be7 5. Bg5 O-O 6. e3 h6 7. Bh4 b6 8. cxd5
Nxd5 9. Bxe7 Qxe7 10. Nxd5 {(=)} exd5 11. Be2 Be6 12. O-O c5 13. Rc1 Nd7 14.
dxc5 bxc5 15. Qa4 Rfb8 16. Bb5 a6 17. Bc6 Ra7 18. Qc2 Rc7 19. Bxd7 Qxd7 20. Nd4
Rbb7 21. Nb3 Bf5 22. Qc3 c4 23. Nd4 Bd3 24. Rfd1 Rb6 25. Rd2 Rg6 26. f3 Qe8 27.
Kf2 Re7 28. Rxd3 cxd3 29. Nf5 Ree6 30. Qxd3 Qb8 31. f4 Qxb2+ 32. Rc2 Qb7 33.
Nd4 Rb6 34. Qc3 Qd7 35. h3 Rb8 36. Nf3 Qe7 37. Rd2 Qb4 38. Qe5 Rd6 39. Kg3 Re6
40. Qxd5 Rxe3 41. Rd4 Qb5 42. Qd6 Rb6 43. Qd8+ Kh7 44. Kh2 Rxf3 45. gxf3 Qe2+
46. Kg3 Rg6+ 47. Kh4 Qf2+ 48. Kh5 Qxf3+ 49. Kh4 Qg3+ 50. Kh5 Qxh3+ 0-1

[Event "GBR-ch90"]
[Site "Edinburgh"]
[Date "2003.07.30"]
[Round "9.32"]
[White "Goodger, Martyn"]
[Black "Pritchett, Craig"]
[Result "0-1"]
[WhiteElo "2114"]
[BlackElo "2314"]
[PlyCount "68"]
[EventDate "2003.07.21"]
[EventType "swiss"]
[EventRounds "11"]
[EventCountry "GBR"]
[SourceTitle "BritBase"]
[Source "John Saunders"]
[SourceDate "2008.07.14"]
[SourceVersion "1"]
[SourceVersionDate "2008.07.14"]
[SourceQuality "2"]

1. e4 c5 2. c3 Nf6 3. e5 Nd5 4. Nf3 e6 5. d4 cxd4 6. cxd4 d6 7. Bc4 Nc6 8. O-O
Be7 9. a3 O-O 10. Re1 Bd7 11. Bd3 Rc8 12. Nbd2 Nf4 13. Bb1 Ng6 14. exd6 Bxd6
15. Ne4 Bf4 16. Bxf4 Nxf4 17. g3 Nd5 18. Qd3 g6 19. h4 Nce7 20. h5 Bc6 21. Ba2
Nf5 22. Rad1 Nf6 23. Nxf6+ Qxf6 24. hxg6 hxg6 25. Ne5 Rcd8 26. Nxc6 bxc6 27.
Qe4 Nxd4 28. Kg2 Rd6 29. b4 Rfd8 30. Rh1 Nf5 31. Rxd6 Rxd6 32. g4 Rd4 33. Qe2
Qg5 34. Rh3 Rxg4+ 0-1

[Event "GBR-ch90"]
[Site "Edinburgh"]
[Date "2003.07.30"]
[Round "9.33"]
[White "Jackson, Adrian"]
[Black "Bigg, Andrew J"]
[Result "0-1"]
[WhiteElo "2228"]
[BlackElo "2287"]
[PlyCount "50"]
[EventDate "2003.07.21"]
[EventType "swiss"]
[EventRounds "11"]
[EventCountry "GBR"]
[SourceTitle "BritBase"]
[Source "John Saunders"]
[SourceDate "2008.07.14"]
[SourceVersion "1"]
[SourceVersionDate "2008.07.14"]
[SourceQuality "2"]

1. e4 e6 2. d4 d5 3. Nc3 Bb4 4. e5 Ne7 5. a3 Bxc3+ 6. bxc3 c5 7. Qg4 Qc7 8.
Qxg7 Rg8 9. Qxh7 cxd4 10. Ne2 Nbc6 11. f4 Bd7 12. Qd3 dxc3 13. Nxc3 Nf5 14. Rb1
O-O-O 15. Nb5 Qb8 16. g4 a6 17. gxf5 axb5 18. f6 Nxe5 19. fxe5 Qxe5+ 20. Qe3
Qxf6 21. Bb2 Qh4+ 22. Kd1 d4 23. Qh3 Qe4 24. Bg2 Rxg2 25. Re1 Qxc2# 0-1

[Event "GBR-ch90"]
[Site "Edinburgh"]
[Date "2003.07.30"]
[Round "9.34"]
[White "Gourlay, Iain"]
[Black "Lim Chin Lee"]
[Result "1-0"]
[WhiteElo "2284"]
[BlackElo "2119"]
[PlyCount "105"]
[EventDate "2003.07.21"]
[EventType "swiss"]
[EventRounds "11"]
[EventCountry "GBR"]
[SourceTitle "BritBase"]
[Source "John Saunders"]
[SourceDate "2008.07.14"]
[SourceVersion "1"]
[SourceVersionDate "2008.07.14"]
[SourceQuality "2"]

1. Nf3 g6 2. c4 Bg7 3. Nc3 Nf6 4. g3 d6 5. Bg2 O-O 6. O-O c6 7. d4 a5 8. Re1
Na6 9. h3 Re8 10. e4 Nd7 11. Be3 Rb8 12. Qe2 e5 13. Rad1 Qe7 14. Qd2 Qf8 15. d5
c5 16. Nb5 b6 17. Nh4 Rb7 18. f4 exf4 19. gxf4 Nc7 20. Nxc7 Rxc7 21. Bf2 Bh6
22. Be3 Ba6 23. b3 Bc8 24. Qf2 Nf6 25. e5 Nh5 26. Bc1 Rce7 27. Re4 dxe5 28. d6
Re6 29. d7 Rd8 30. f5 gxf5 31. Bxh6 Rxh6 32. Nxf5 Rg6 33. dxc8=Q Rxc8 34. Rxe5
Re8 35. Rxe8 Qxe8 36. Re1 Re6 37. Rxe6 Qxe6 38. Bd5 Qe5 39. Nh6+ Kg7 40. Nxf7
Qa1+ 41. Kh2 Qc1 42. Ne5 Nf6 43. Qg1+ Qxg1+ 44. Kxg1 Kf8 45. Ng4 Nh5 46. Kh2
Ke7 47. Be4 Nf4 48. Bxh7 Ne2 49. Bc2 Nd4 50. Bd3 a4 51. bxa4 Ke6 52. Kg3 Nc6
53. a3 1-0

[Event "GBR-ch90"]
[Site "Edinburgh"]
[Date "2003.07.30"]
[Round "9.36"]
[White "Moore, Gerald"]
[Black "Broomfield, Matthew"]
[Result "0-1"]
[WhiteElo "2252"]
[BlackElo "2249"]
[PlyCount "96"]
[EventDate "2003.07.21"]
[EventType "swiss"]
[EventRounds "11"]
[EventCountry "GBR"]
[SourceTitle "BritBase"]
[Source "John Saunders"]
[SourceDate "2008.07.14"]
[SourceVersion "1"]
[SourceVersionDate "2008.07.14"]
[SourceQuality "2"]

1. Nf3 Nf6 2. c4 b6 3. g3 Bb7 4. Bg2 c5 5. O-O e6 6. Nc3 Be7 7. Re1 Ne4 8. Nxe4
Bxe4 9. d3 Bb7 10. e4 Nc6 11. d4 cxd4 12. Nxd4 Nxd4 13. Qxd4 O-O 14. b3 Bc5 15.
Qd2 Qc7 16. Bb2 Rfd8 17. Rad1 h6 18. Qc3 Bf8 19. Re3 Bc6 20. e5 Bxg2 21. Kxg2
d6 22. Red3 dxe5 23. Qxe5 Qc6+ 24. Kg1 Rxd3 25. Rxd3 f6 26. Qd4 a6 27. Qg4 Be7
28. Qd1 b5 29. Rd4 e5 30. Rd7 Bf8 31. Qd3 bxc4 32. bxc4 Rc8 33. Rd8 e4 34. Qd4
Rxd8 35. Qxd8 Kf7 36. Qd4 Bc5 37. Qc3 Qb6 38. Qc2 e3 39. fxe3 Bxe3+ 40. Kf1 Qc6
41. Ke2 Bg1 42. Kf1 Bb6 43. Ke2 Qg2+ 44. Kd3 Qf3+ 45. Kd2 Qe3+ 46. Kd1 Qg1+ 47.
Kd2 Qxh2+ 48. Kc3 Bd4+ 0-1

[Event "GBR-ch90"]
[Site "Edinburgh"]
[Date "2003.07.30"]
[Round "9.37"]
[White "Muir, Andrew J"]
[Black "Thomas, Nicholas"]
[Result "1/2-1/2"]
[WhiteElo "2316"]
[BlackElo "2281"]
[PlyCount "67"]
[EventDate "2003.07.21"]
[EventType "swiss"]
[EventRounds "11"]
[EventCountry "GBR"]
[SourceTitle "BritBase"]
[Source "John Saunders"]
[SourceDate "2008.07.14"]
[SourceVersion "1"]
[SourceVersionDate "2008.07.14"]
[SourceQuality "2"]

1. d4 e6 2. c4 f5 3. g3 Nf6 4. Nf3 d6 5. Bg2 Be7 6. O-O O-O 7. Nc3 Ne4 8. Qc2
Nxc3 9. bxc3 Nc6 10. e4 Na5 11. exf5 exf5 12. Re1 Bf6 13. c5 d5 14. Bf4 Nc4 15.
h4 c6 16. Ne5 Bxe5 17. Bxe5 Nxe5 18. Rxe5 f4 19. c4 dxc4 20. Qxc4+ Kh8 21. d5
f3 22. Bf1 cxd5 23. Rxd5 Qf6 24. Qd4 Bf5 25. Re1 Qxd4 26. Rxd4 Rfe8 27. Rxe8+
Rxe8 28. Rf4 g6 29. Rxf3 Re1 30. Re3 Rc1 31. Kg2 Rxc5 32. Bd3 Bxd3 33. Rxd3 Rc7
34. g4 1/2-1/2

[Event "GBR-ch90"]
[Site "Edinburgh"]
[Date "2003.07.30"]
[Round "9.38"]
[White "Ahmed, Sk. Nasir"]
[Black "McEwan, Ken B"]
[Result "1/2-1/2"]
[WhiteElo "2283"]
[BlackElo "2190"]
[PlyCount "71"]
[EventDate "2003.07.21"]
[EventType "swiss"]
[EventRounds "11"]
[EventCountry "GBR"]
[SourceTitle "BritBase"]
[Source "John Saunders"]
[SourceDate "2008.07.14"]
[SourceVersion "1"]
[SourceVersionDate "2008.07.14"]
[SourceQuality "2"]

1. e4 c5 2. Nc3 Nc6 3. g3 g6 4. Bg2 Bg7 5. d3 e6 6. Be3 d6 7. Qd2 Rb8 8. Nge2
Nge7 9. d4 b6 10. a4 e5 11. dxc5 dxc5 12. Nd5 O-O 13. Bh6 Nd4 14. Bxg7 Kxg7 15.
Nxd4 exd4 16. O-O Nxd5 17. exd5 Bb7 18. c4 a5 19. h4 h5 20. Rfe1 Qd7 21. Qg5
Rbe8 22. Bf3 Rxe1+ 23. Rxe1 Re8 24. Rxe8 Qxe8 25. Kg2 f6 26. Qf4 Qe5 27. Qxe5
fxe5 28. g4 e4 29. Bxe4 hxg4 30. Kg3 Bc8 31. Kf4 Kf6 32. Bd3 Bd7 33. Bc2 Bc8
34. Be4 Bd7 35. b3 Bc8 36. Bd3 1/2-1/2

[Event "GBR-ch90"]
[Site "Edinburgh"]
[Date "2003.07.30"]
[Round "9.39"]
[White "Eggleston, Thomas"]
[Black "Taylor, Robert M"]
[Result "1/2-1/2"]
[WhiteElo "2040"]
[BlackElo "2169"]
[PlyCount "86"]
[EventDate "2003.07.21"]
[EventType "swiss"]
[EventRounds "11"]
[EventCountry "GBR"]
[SourceTitle "BritBase"]
[Source "John Saunders"]
[SourceDate "2008.07.14"]
[SourceVersion "1"]
[SourceVersionDate "2008.07.14"]
[SourceQuality "2"]

1. e4 c5 2. Nf3 d6 3. d4 cxd4 4. Nxd4 Nf6 5. Nc3 a6 6. g3 e5 7. Nde2 Nbd7 8.
Bg2 b5 9. a4 b4 10. Nd5 Nxd5 11. exd5 a5 12. O-O Be7 13. f4 Qb6+ 14. Kh1 Ba6
15. b3 O-O 16. Bb2 Bf6 17. Qd2 Rae8 18. Rae1 e4 19. Bxf6 Nxf6 20. h3 Qc5 21.
Rg1 Nxd5 22. Nd4 e3 23. Qc1 Nc3 24. Nb5 Bxb5 25. axb5 d5 26. Rgf1 f5 27. Kh2
Re7 28. Rf3 d4 29. Bf1 Nxb5 30. Qd1 Na3 31. Bd3 Rc7 32. Rg1 Qd6 33. Rg2 Kh8 34.
Rf1 a4 35. bxa4 Nc4 36. Qa1 Nd2 37. Rd1 Nf3+ 38. Kh1 Qd5 39. Qb2 Re7 40. Qxb4
Rfe8 41. Be2 Nd2 42. a5 h6 43. a6 Ra7 1/2-1/2

[Event "GBR-ch90"]
[Site "Edinburgh"]
[Date "2003.07.30"]
[Round "9.40"]
[White "Dignam, Matthew P"]
[Black "Guthrie, David"]
[Result "1-0"]
[WhiteElo "2124"]
[BlackElo "2183"]
[PlyCount "73"]
[EventDate "2003.07.21"]
[EventType "swiss"]
[EventRounds "11"]
[EventCountry "GBR"]
[SourceTitle "BritBase"]
[Source "John Saunders"]
[SourceDate "2008.07.14"]
[SourceVersion "1"]
[SourceVersionDate "2008.07.14"]
[SourceQuality "2"]

1. d4 Nf6 2. Nf3 g6 3. Nc3 d6 4. e4 Bg7 5. Be3 c6 6. Qd2 Nbd7 7. h3 O-O 8. g4
b5 9. Bd3 b4 10. Ne2 c5 11. Ng3 Qc7 12. c3 bxc3 13. bxc3 Nb6 14. O-O a5 15.
dxc5 dxc5 16. Bf4 Qa7 17. Ne5 Bb7 18. Rab1 Nfd7 19. Nxd7 Nxd7 20. Be2 Ne5 21.
Be3 Ba6 22. c4 Bxc4 23. Rfc1 Rfd8 24. Qe1 Bxe2 25. Qxe2 Rac8 26. Rb5 Qd7 27.
Rbxc5 Rxc5 28. Rxc5 Qa4 29. Kg2 Nd3 30. Qxd3 Rxd3 31. Rc8+ Bf8 32. Bh6 Rxg3+
33. Kxg3 Qa3+ 34. f3 Qd6+ 35. f4 Qd3+ 36. Kh4 g5+ 37. fxg5 1-0

[Event "GBR-ch90"]
[Site "Edinburgh"]
[Date "2003.07.30"]
[Round "9.41"]
[White "Walton, Colin"]
[Black "Vujatovic, Rajko"]
[Result "1/2-1/2"]
[WhiteElo "2135"]
[BlackElo "2265"]
[PlyCount "77"]
[EventDate "2003.07.21"]
[EventType "swiss"]
[EventRounds "11"]
[EventCountry "GBR"]
[SourceTitle "BritBase"]
[Source "John Saunders"]
[SourceDate "2008.07.14"]
[SourceVersion "1"]
[SourceVersionDate "2008.07.14"]
[SourceQuality "2"]

1. e4 d5 2. exd5 Qxd5 3. Nf3 Bg4 4. Be2 Nc6 5. d4 e5 6. c4 Qd6 7. dxe5 Qxd1+ 8.
Bxd1 O-O-O 9. Nc3 Bb4 10. O-O Bxc3 11. bxc3 Nge7 12. Bg5 Rhe8 13. Re1 h6 14.
Bh4 Rd3 15. h3 Be6 16. Rc1 Nf5 17. Bg3 Nxg3 18. fxg3 Rd7 19. Ba4 Rde7 20. Re4
Rd8 21. Bxc6 bxc6 22. Nd4 Bd7 23. c5 g6 24. Rce1 Be8 25. g4 Rd5 26. e6 f6 27.
Nb3 g5 28. Ra4 Re5 29. Rxe5 fxe5 30. Rxa7 Kb8 31. Ra4 Rxe6 32. Rb4+ Ka7 33.
Ra4+ Kb8 34. Rb4+ Ka7 35. Kf2 Bg6 36. Ra4+ Kb8 37. Rb4+ Ka7 38. Ra4+ Kb8 39.
Rb4+ 1/2-1/2

[Event "GBR-ch90"]
[Site "Edinburgh"]
[Date "2003.07.30"]
[Round "9.42"]
[White "Buckley, Melanie"]
[Black "Radovanovic, Jovica"]
[Result "1/2-1/2"]
[WhiteElo "2130"]
[BlackElo "2239"]
[PlyCount "141"]
[EventDate "2003.07.21"]
[EventType "swiss"]
[EventRounds "11"]
[EventCountry "GBR"]
[SourceTitle "BritBase"]
[Source "John Saunders"]
[SourceDate "2008.07.14"]
[SourceVersion "1"]
[SourceVersionDate "2008.07.14"]
[SourceQuality "2"]

1. e4 c5 2. Nc3 Nc6 3. g3 g6 4. Bg2 Bg7 5. d3 d6 6. Be3 e6 7. Qd2 Rb8 8. Nge2
Nd4 9. O-O Ne7 10. Nd1 O-O 11. Nc1 e5 12. c3 Ne6 13. Ne2 d5 14. Bh6 d4 15. Bxg7
Nxg7 16. f4 f6 17. c4 Nc6 18. Nf2 Qd6 19. h3 a6 20. Ng4 Bxg4 21. hxg4 Ne6 22.
g5 fxg5 23. f5 Ng7 24. Qxg5 b5 25. cxb5 axb5 26. g4 c4 27. Rf3 Qf6 28. Qd2 g5
29. Rh3 Rfc8 30. Kf2 cxd3 31. Rxd3 Nd8 32. Rc1 Nf7 33. Ng3 Qa6 34. Bf1 Rxc1 35.
Qxc1 Rc8 36. Qd2 h6 37. Ra3 Qb6 38. Bd3 Nd6 39. Rb3 Qc6 40. Kg2 Nge8 41. Qe2
Nc4 42. Kh3 Ned6 43. Nf1 Qc5 44. a3 Kf7 45. Kg2 Rc7 46. Kh1 Na5 47. Rb4 Qc1 48.
Qh2 Nxe4 49. Qxe5 Nf2+ 50. Kg1 Nxd3 51. Qe6+ Kf8 52. Rxd4 Qc5 53. Qxh6+ Rg7 54.
Qd6+ Qxd6 55. Rxd6 Nxb2 56. Rd8+ Kf7 57. Rb8 Nac4 58. Rxb5 Kf6 59. Ng3 Ra7 60.
Ne4+ Ke7 61. Nxg5 Rxa3 62. Kh2 Re3 63. Rb7+ Kf6 64. Nh7+ Ke5 65. f6 Rf3 66. f7
Ne3 67. f8=Q Nxg4+ 68. Kg2 Rxf8 69. Nxf8 Ne3+ 70. Kf3 Nec4 71. Ke2 {score
illegible} 1/2-1/2

[Event "GBR-ch90"]
[Site "Edinburgh"]
[Date "2003.07.30"]
[Round "9.43"]
[White "Adams, David M"]
[Black "Coleman, James"]
[Result "1-0"]
[WhiteElo "2172"]
[BlackElo "2211"]
[PlyCount "73"]
[EventDate "2003.07.21"]
[EventType "swiss"]
[EventRounds "11"]
[EventCountry "GBR"]
[SourceTitle "BritBase"]
[Source "John Saunders"]
[SourceDate "2008.07.14"]
[SourceVersion "1"]
[SourceVersionDate "2008.07.14"]
[SourceQuality "2"]

1. e4 e5 2. Bc4 Nf6 3. d3 Nc6 4. Nf3 Be7 5. O-O O-O 6. Re1 d6 7. a4 h6 8. c3
Nh7 9. Nbd2 Ng5 10. h3 Be6 11. a5 a6 12. Nf1 Nxf3+ 13. Qxf3 Bg5 14. Ne3 Ne7 15.
Nf5 Bxc1 16. Raxc1 Ng6 17. Qg4 Qf6 18. Re3 d5 19. Bxd5 h5 20. Qf3 Nf4 21. Ng3
Nxd5 22. exd5 Qxf3 23. gxf3 Bxd5 24. Rxe5 Bxf3 25. Rce1 g6 26. R1e3 Bc6 27. Re7
Rac8 28. Ne4 Bxe4 29. R3xe4 Rfd8 30. Rf4 f5 31. Rc4 Rxd3 32. Rcxc7 Rxc7 33.
Rxc7 Rd5 34. b4 Rd3 35. h4 Rh3 36. Rxb7 Rxc3 37. b5 1-0

[Event "GBR-ch90"]
[Site "Edinburgh"]
[Date "2003.07.30"]
[Round "9.44"]
[White "Meyer, Gordon"]
[Black "Walton, Alan J"]
[Result "1-0"]
[WhiteElo "2175"]
[BlackElo "2158"]
[PlyCount "33"]
[EventDate "2003.07.21"]
[EventType "swiss"]
[EventRounds "11"]
[EventCountry "GBR"]
[SourceTitle "BritBase"]
[Source "John Saunders"]
[SourceDate "2008.07.14"]
[SourceVersion "1"]
[SourceVersionDate "2008.07.14"]
[SourceQuality "2"]

1. e4 e6 2. d4 d5 3. Nc3 Nf6 4. Bg5 dxe4 5. Nxe4 Be7 6. Bxf6 gxf6 7. Nf3 a6 8.
Qd2 b5 9. Qh6 Bb7 10. Qg7 Rf8 11. Ned2 f5 12. Qxh7 Bf6 13. Qh6 Bxd4 14. Nxd4
Qxd4 15. O-O-O Qxf2 16. Qg5 Qc5 17. Ne4 1-0

[Event "GBR-ch90"]
[Site "Edinburgh"]
[Date "2003.07.30"]
[Round "9.45"]
[White "Waters, Clive L"]
[Black "Kafka, Graeme"]
[Result "0-1"]
[WhiteElo "2111"]
[BlackElo "2170"]
[PlyCount "116"]
[EventDate "2003.07.21"]
[EventType "swiss"]
[EventRounds "11"]
[EventCountry "GBR"]
[SourceTitle "BritBase"]
[Source "John Saunders"]
[SourceDate "2008.07.14"]
[SourceVersion "1"]
[SourceVersionDate "2008.07.14"]
[SourceQuality "2"]

1. Nf3 d5 2. b3 Nf6 3. Bb2 g6 4. g3 Bg7 5. Bg2 O-O 6. O-O Re8 7. c4 c6 8. Qc2
Bg4 9. Ne5 Bxe2 10. Re1 Bg4 11. Nxg4 Nxg4 12. Bxg7 Kxg7 13. cxd5 cxd5 14. Qc5
e6 15. Nc3 Nc6 16. Nb5 Qa5 17. Qc3+ Qxc3 18. dxc3 Red8 19. h3 Nf6 20. c4 dxc4
21. bxc4 a6 22. Nc3 Rd4 23. Na4 Rc8 24. Rab1 Rc7 25. Nc5 Rxc4 26. Rxb7 Rxb7 27.
Nxb7 Nb4 28. Bf1 Rc7 29. Rb1 Rxb7 30. a3 a5 31. Bg2 Rb6 32. axb4 axb4 33. Kf1
Nd5 34. Ke1 Kf6 35. Kd2 Ke5 36. Kd3 Kd6 37. Rb3 Kc5 38. Kc2 Nc3 39. Rb2 Ra6 40.
Kb3 Ra3+ 41. Kc2 Ra2 42. Rxa2 Nxa2 43. g4 h6 44. h4 Nc3 45. Kb3 Nd5 46. Be4 f5
47. Bc2 Ne7 48. Bd1 Nc6 49. h5 Nd4+ 50. Kb2 gxh5 51. gxf5 exf5 52. Bxh5 Kc4 53.
Kc1 Kc3 54. Bf7 Nb3+ 55. Kd1 Nd2 56. Ke2 b3 57. Bg6 f4 58. f3 b2 0-1

[Event "GBR-ch90"]
[Site "Edinburgh"]
[Date "2003.07.30"]
[Round "9.46"]
[White "Clarke, Thomas M"]
[Black "Simmons, Matthew"]
[Result "1-0"]
[WhiteElo "2128"]
[BlackElo "2176"]
[PlyCount "61"]
[EventDate "2003.07.21"]
[EventType "swiss"]
[EventRounds "11"]
[EventCountry "GBR"]
[SourceTitle "BritBase"]
[Source "John Saunders"]
[SourceDate "2008.07.14"]
[SourceVersion "1"]
[SourceVersionDate "2008.07.14"]
[SourceQuality "2"]

1. d4 Nf6 2. Bg5 e6 3. e4 h6 4. Bxf6 Qxf6 5. Nc3 d6 6. Qd2 g5 7. h4 g4 8. h5
Bg7 9. O-O-O Nc6 10. d5 Ne7 11. Bb5+ Bd7 12. Bxd7+ Kxd7 13. f4 a5 14. e5 Qf5
15. Nge2 Nxd5 16. Nxd5 exd5 17. Nd4 Qh7 18. Qe2 dxe5 19. Qxg4+ Ke8 20. Nf5 Rg8
21. Rxd5 Bf6 22. Qh3 Rd8 23. Rxd8+ Bxd8 24. Rd1 e4 25. Ne3 f6 26. Qe6+ Be7 27.
Nf5 Rxg2 28. Qxe4 Kf8 29. Re1 Rg7 30. Qe6 Qg8 31. Qc8+ 1-0